[Event "SG Jasmund-SK Nordhorn-Blanke"]
[Site "?"]
[Date "2020.09.12"]
[Round "6.3"]
[White "Rudi, Jonathan"]
[Black "Wellßow, Keoki"]
[Result "1-0"]
[WhiteElo "1692"]
[BlackElo "1578"]
[PlyCount "83"]
[EventDate "2020.??.??"]
[WhiteTeam "SK Nordhorn-Blanke"]
[BlackTeam "SG Jasmund"]

1. d4 d6 2. e4 Nf6 3. Nc3 e5 4. Nge2 Be7 5. f3 Nbd7 6. Be3 Nb6 7. Ng3 Bd7 8.
Qd2 c6 9. O-O-O Qc7 10. Kb1 O-O-O 11. Qf2 Be6 12. Be2 exd4 13. Bxd4 d5 14. f4
dxe4 15. Ngxe4 Nxe4 16. Nxe4 f6 17. Rhe1 Bd5 18. Nc3 Bb4 19. a3 Bxc3 20. Bxc3
Na4 21. Bd2 c5 22. b3 Nb6 23. Be3 c4 24. Bxb6 axb6 25. Kb2 b5 26. Bf3 Bxf3 27.
Qxf3 Rxd1 28. Rxd1 Rd8 29. Rxd8+ Qxd8 30. Qe4 cxb3 31. Qe6+ Kb8 32. Kxb3 Qc7
33. g3 Qc5 34. Qg8+ Ka7 35. Qxg7 Qd4 36. Ka2 Qc4+ 37. Kb1 Qd4 38. Qxh7 Qd1+ 39.
Ka2 Qd5+ 40. Kb2 Qd4+ 41. c3 Qd2+ 42. Qc2 1-0

[Event "SG Jasmund-SK Nordhorn-Blanke"]
[Site "?"]
[Date "2020.09.12"]
[Round "6.4"]
[White "Wellßow, Lio Keanu"]
[Black "Hallfarth, Luise"]
[Result "0-1"]
[WhiteElo "1207"]
[BlackElo "1523"]
[PlyCount "78"]
[EventDate "2020.??.??"]
[WhiteTeam "SG Jasmund"]
[BlackTeam "SK Nordhorn-Blanke"]

1. e4 c5 2. Bc4 Nc6 3. Nf3 g6 4. Ng5 e6 5. d3 Bg7 6. Nc3 Nge7 7. Nb5 d5 8. exd5
exd5 9. Qf3 O-O 10. Bb3 Ne5 11. Qf4 Qa5+ 12. Nc3 d4 13. O-O dxc3 14. bxc3 h6
15. Ne4 b5 16. Nf6+ Bxf6 17. Qxf6 Nf5 18. Qxe5 Bb7 19. Bb2 Rae8 20. Qf6 c4 21.
Rfe1 cxb3 22. cxb3 Qd8 23. Qxd8 Rxd8 24. d4 a5 25. g4 Nh4 26. Re7 Bc6 27. Rc7
Bd5 28. h3 Rfe8 29. Ba3 Bg2 30. Re7 Bxh3 31. f3 Nxf3+ 32. Kf2 Bxg4 33. Kg3 h5
34. Rf1 Ng5 35. d5 Ne4+ 36. Kh4 Bf5 37. Re1 Rxe7 38. Bxe7 Re8 39. Bg5 Rc8 0-1